The TROLL Quiz - Statistics

General Stats
  • This quiz has been taken 21 times
  • The average score is 4 of 20
Answer Stats
ITS NOT TOO LATE TO TURN BACK Answer % Correct
How many stars are you going to give this quiz? 1
67%
I misunderstood you: HOW MANY STARS ARE YOU GIVING THIS QUIZ? 1
67%
What is the meaning of life? 42
60%
How many numbers are left on the timer? 0
47%
60-6 0
40%
How many elephants are in this quiz? 7
27%
Which countryball cannot into this quiz? Poland
20%
How many characters (excluding spaces) are there in the quiz description? 231
13%
What is the sum of the three previous answers? 273
13%
How many US States are there? 49
7%
GPVS JT UIF BOTXFS FOUR
7%
Scream in my ear to wake me up in my ear
7%
What are European countries that are not in the EU called? ROPE
7%
Type the country: KyRGyZStaN the country: KyRGyZStaN
7%
What will you do if you became president of the Untied States of America? Tie them
7%
Your worst nightmare: 0 divided by 0 42
0%
Children, turn to page 14-15 BUT THATS PAGE -1
0%
Why did her parents name her that? (how should I know?) (how should I know?)
0%
What is the last state alphabetically? Wisconsin
0%
What is the name of the girl in the thumbnail? (you should know) (you should know)
0%
No matching quizzes found
Score Distribution
Percent of People with Each Score
Percentile by Number Answered
Your Score History
You have not taken this quiz